000 00519nam a2200181Ia 4500
999 _c23253
_d23253
003 OSt
005 20231211115754.0
008 190216s9999||||xx |||||||||||||| ||und||
020 _a9788126415786
040 _coclc
082 _a954.83
_bMEN/S
100 1 _aSreedhara Menon, A.
_910096
245 2 _aA Survey Of Kerala History /
_cA Sreedhara Menon
260 _bDc Books,
_c2014.
_aKottayam:
300 _a368p
650 _aIslamic History
942 _cBK
_2ddc
_h954.83
_iMEN/S
_k954.83
_mMEN/S